000
00281nam a2200097Ia 4500
008
220216s9999 xx 000 0 und d
245
0
_a
RRIM 700 series clones trials (Second and third selections) : Eighth report
260
_b
Planters Bulletin
_c
1975
300
_a
66-73
942
_c
JS
999
_c
67332
_d
67332